Achieving high quality business planning zones (Record no. 72278)

MARC details
000 -LEADER
fixed length control field 01430cam a2200217 4500
001 - CONTROL NUMBER
control field WB3910-15
008 - FIXED-LENGTH DATA ELEMENTS--GENERAL INFORMATION
fixed length control field 030311n2003 000 0 eng u
035 ## - SYSTEM CONTROL NUMBER
System control number (Sirsi) u121588
245 ## - TITLE STATEMENT
Title Achieving high quality business planning zones
260 ## - PUBLICATION, DISTRIBUTION, ETC.
Date of publication, distribution, etc. 2003
490 ## - SERIES STATEMENT
Series statement CABE Press Release
Volume/sequential designation 4 March 2003, (2)
520 ## - SUMMARY, ETC.
Summary, etc. The Commission for Architecture and the Built Environment (CABE) has launched a 10-step guide on how to develop successful, well-designed business planning zones (BPZs). "Ten ways to make quality count: business planning zones". Business planning zones (BPZs) are one of a number of measures intended to make the planning system faster, simpler and more effective. They should be high quality environments attractive to investment and a move away from the model of a car-dominated, mono-use environment with poor accessibility and little viability. The document can be downloaded from http://www.cabe.org.uk/displayData.html/XLI-LibraryUsefulPDFsCABEPublicationsCABEBPZ.pdf?type=pdf&id=413 or t +44(0)20 7960 2400 or [email protected] http://www.cabe.org.uk/jeJCbelaS4+=SMligwDUpFw/news/press/press_release.html?press_release_id=212
590 ## - LOCAL NOTE (RLIN)
Local note WB
650 ## - SUBJECT ADDED ENTRY--TOPICAL TERM
Topical term or geographic name entry element DESIGN QUALITY
650 ## - SUBJECT ADDED ENTRY--TOPICAL TERM
Topical term or geographic name entry element PLANNING SYSTEM
650 ## - SUBJECT ADDED ENTRY--TOPICAL TERM
Topical term or geographic name entry element BUSINESS PARKS
650 ## - SUBJECT ADDED ENTRY--TOPICAL TERM
Topical term or geographic name entry element BUSINESS PLANNING ZONES
650 ## - SUBJECT ADDED ENTRY--TOPICAL TERM
Topical term or geographic name entry element REGENERATION
690 ## - LOCAL SUBJECT ADDED ENTRY--TOPICAL TERM (OCLC, RLIN)
Topical term or geographic name as entry element ENVIRONMENTAL AND LAND CONSULTANCY-PLANNING AND DEVELOPMENT
942 ## - ADDED ENTRY ELEMENTS (KOHA)
Suppress in OPAC 0
Holdings
Withdrawn status Lost status Source of classification or shelving scheme Damaged status Not for loan Home library Current library Shelving location Date acquired Total Checkouts Full call number Barcode Date last seen Copy number Price effective from Koha item type
    Dewey Decimal Classification     London London News article 11/03/2003   WB3910-15 121588-1001 06/08/2019 1 06/08/2019 News article